Представление документа в формате RUSMARC

ПолеНазваниеЗначение
  Тип записи a
  Библиографический уровень m
001 Контрольный номер 9ea0c36405154affa4882faa2097d526
005 Дата корректировки 20260421160204.5
010 Индекс ISBN __
a ISBN 978-5-906989-23-9
100 Данные общей обработки __
a Данные общей обработки 20260421d 0rusy0189## ca
101 Язык документа 0_
a Язык текста rus
102 Страна публикации __
a Страна публикации RU
200 Заглавие и сведения об ответственности 1_
a Заглавие Вам письмо!
f Первые сведения об ответственности А. Дубровский
e Сведения, относящиеся к заглавию история почты от скороходов до интернета
210 Выходные данные 1_
a Место издания Санкт-Петербург
c Издательство Качели
d Дата издания 2018
215 Физическое описание __
a Объем 22, [2] с.
c Иллюстрации/тип воспроизводства цв. ил.
686 Индексы других классификаций __
a Классификационный индекс 32.88
700 Автор _1
a Фамилия Дубровский
b Имя (инициалы) А.
g Полное личное имя Андрей
801 Источник записи _0
a Страна RU
b Организация УОБДЮ
c Дата составления 20260421
g Правила каталогизации RCR
801 Источник записи _1
a Страна RU
b Организация УОБДЮ
c Дата составления 20260421
g Правила каталогизации RCR
830 Общее примечание каталогизатора __
a Текст примечания Д
852 Данные о местонахождении __
i Авторский знак Д 79
j Шифр хранения 32
900 Электронные ресурсы __
a Имя электронного ресурса 593280
901 Тип документа __
t Тип документа m
905 Данные по созданию БЗ __
b Логин пользователя, который создал БЗ imm
909 Создатель записи __
b Дата создания записи 20260421